000 02859cab a2200289 ab4500
005 20240910143156.0
008 991125c2018 cr tr p o 000 0 spa d
035 _aUPN01000227474
040 _aMX-MxUPN
_bspa
_cMX-MxUPN
_eaacr2
049 _aART-E
100 1 _aBarberousse Alfonso, Paullette
_6- paulette1959@yahoo.com
100 1 _aVargas Dengo, Marie Claire
100 1 _aCorrales Bastos, Pamela
245 1 0 _aFormación docente inicial y acción socioeducativa :
_bconstruyendo una propuesta de implementación del Programa Maestros Comunitarios (PMC)
_h[recurso electrónico en línea]
506 0 _aAcceso abierto
520 3 _aDesde una visión crítica y transfomadora, este ensayo presenta los insumos y conclusiones más relevantes del proyecto Construyendo una propuesta de implementación del Programa Maestros Comunitarios (PMC), Código 0166-15 DEB-UNA (Universidad Nacional, División de Educación Básica, s. f.), obtenidos durante su primera etapa desarrollada en el año 2016. Desde nuestra perspectiva como investigadoras y docentes de la División de Educación Básica, se aborda una temática de actualidad y vigencia socioeducativa con el propósito de enfrentar los retos de los modelos educativos contemporáneos en ámbitos formales y no formales de la Educación General Básica en el contexto nacional costarricense, acercando a las estudiantes-docentes de la carrera de Pedagogía con énfasis en I y II ciclos de la Educación General Básica a la realidad socioeducativa nacional, con el fin de propiciar su involucramiento en la puesta en práctica de la acción pedagógica tendiente a dar solución a la deserción escolar en la Escuela Finca Guararí en Heredia. Además, se entronca con las áreas estratégicas de conocimiento emergentes de la División de Educación Básica (DEB), a saber, pedagogía social y comunitaria, en el contexto de la Universidad Nacional (UNA) en Costa Rica. Y retoma el recorrido trazado en dicha División que propone formatos pedagógicos más flexibles y alternativos propiciadores de equidad educativa y el abordaje de la diversidad con el fin de rescatar la experiencia para la formación inicial de personal formador y su acción socioeducativa transformadora. El interés de este ensayo se centra en la sistematización de la experiencia como tal en su etapa inicial con un breve marco conceptual de referencia. Educare
650 4 _913598
_aEducación comunitaria
653 0 _aFormación docente
653 0 _aMaestros comunitarios
653 0 _aModelos educativos
773 _gVol. 22, no. 1 (2018), p. 1-21
_tRevista electrónica educare
_x1607-4041
856 4 _uhttps://www.revistas.una.ac.cr/index.php/EDUCARE/article/view/9157
856 4 _uhttps://doi.org/10.15359/ree.22-1.19
902 _aLeonor Sotres/090924
905 _aArticulo
942 _cART-E
999 _c199569
_d199569